000 00809nam a2200265 a 4500
008
020 _a0030330629 (cased)
049 0 0 _aMAIN
090 0 0 _aHD8072.5
100 1 0 _aHolley, William H.
245 1 4 _aThe labor relations process /
_cWilliam H. Holley, Jr., Kenneth M. Jennings.
250 _a4th ed.
260 0 _aChicago :
_bDryden Press,
_c1991.
300 _axxi, 586 p. ;
_c24 cm.
440 1 4 _a The Dryden Press series in management.
504 _aIncludes bibliographical references.
500 _aIncludes index.
650 0 _aIndustrial relations
_zUnited States.
700 1 0 _aJennings, Kenneth M.
907 _a.b10084484
_b25-07-03
_c23-07-03
003
005 20230123133352.0
040 _cNUST
942 _cBOOKS
_kHD8072.5
999 _c147388
_d147388